000 00530pab a2200181 454500
008 180718b2004 xxu||||| |||| 00| 0 eng d
100 _aSmithey, Martha
245 _aThe ineffectiveness of training on increasing time at the scene, acceptance for prosecution, and convictions of domestic
260 _c2004
300 _ap.309-26.
650 _aDomestic violence
650 _aPolice
650 _aTraining
700 _aGiacomazzi, Andrew L.
700 _aGreen, Susanne E.
773 _aPolice Journal
909 _a64281
999 _c64281
_d64281